|
|
|
|
| LEADER |
02349nam a2200601 aa4500 |
| 001 |
nkc20081803027 |
| 003 |
CZ PrNK |
| 005 |
20240417061019.0 |
| 007 |
ta |
| 008 |
080505m20062007xr ac e 000 0ccze |
| 015 |
|
|
|a cnb001803027
|
| 020 |
|
|
|a 80-204-1548-3
|q ([1] ;
|q váz.)
|
| 020 |
|
|
|a 978-80-204-1684-1
|q (2 ;
|q váz.)
|
| 035 |
|
|
|a (OCoLC)124090821
|
| 040 |
|
|
|a ABA001
|b cze
|d OLA001
|
| 043 |
|
|
|a e-xr---
|
| 045 |
|
|
|a x-y0
|
| 072 |
|
7 |
|a 7.01/.09
|x Umění
|2 Konspekt
|9 21
|
| 072 |
|
7 |
|a 929
|x Biografie
|2 Konspekt
|9 8
|
| 080 |
|
|
|a 7.096
|2 MRF
|
| 080 |
|
|
|a 929
|2 MRF
|
| 080 |
|
|
|a 7.071
|2 MRF
|
| 080 |
|
|
|a 791/792.071.2
|2 MRF
|
| 080 |
|
|
|a (437.3)
|2 MRF
|
| 080 |
|
|
|a (047.53)
|2 MRF
|
| 080 |
|
|
|a (0:82-94)
|2 MRF
|
| 100 |
1 |
|
|a Škápíková, Jitka,
|d 1967-
|7 mzk2007382100
|4 aut
|4 com
|
| 245 |
1 |
0 |
|a Báječný svět /
|c Jitka Škápíková ; rozhovory vedl a ilustracemi doplnil Viktor Preiss
|
| 250 |
|
|
|a Vyd. 1.
|
| 260 |
|
|
|a Praha :
|b Mladá fronta,
|c 2006-2007
|
| 300 |
|
|
|a 2 sv. (217; 235 s.) :
|b barev. il., portréty ;
|c 25 cm
|
| 500 |
|
|
|a Dostupné též v digitální podobě v aplikaci Kramerius
|
| 630 |
0 |
7 |
|a Báječný svět
|7 unn2007391005
|2 czenas
|
| 630 |
0 |
9 |
|a Báječný svět (radio program)
|2 eczenas
|
| 648 |
|
7 |
|a 20.-21. století
|7 ch462155
|2 czenas
|
| 650 |
0 |
7 |
|a rozhlasové pořady
|7 ph125251
|z Česko
|2 czenas
|
| 650 |
0 |
7 |
|a umělci
|7 ph116527
|z Česko
|y 20.-21. století
|2 czenas
|
| 650 |
0 |
7 |
|a herci
|7 ph117199
|z Česko
|y 20.-21. století
|2 czenas
|
| 650 |
0 |
9 |
|a radio programs
|z Czechia
|2 eczenas
|
| 650 |
0 |
9 |
|a artists
|z Czechia
|y 20th-21st centuries
|2 eczenas
|
| 650 |
0 |
9 |
|a actors
|z Czechia
|y 20th-21st centuries
|2 eczenas
|
| 655 |
|
7 |
|a rozhovory
|7 fd133303
|2 czenas
|
| 655 |
|
7 |
|a portréty
|7 fd133099
|2 czenas
|
| 655 |
|
9 |
|a interviews
|2 eczenas
|
| 655 |
|
9 |
|a portraits
|2 eczenas
|
| 700 |
1 |
|
|a Preiss, Viktor,
|d 1947-
|7 jn19990218086
|4 aut
|4 ill
|
| 856 |
4 |
1 |
|u http://www.digitalniknihovna.cz/mzk/uuid/uuid:bdf724b0-0ad2-11e7-a606-001018b5eb5c
|y Digitalizovaný dokument
|x NDK
|
| 910 |
|
|
|a BOA001
|b 2-1180.759
|s 1-2
|t v
|
| 990 |
|
|
|a BK
|
| 995 |
|
|
|a 01
|
| 991 |
|
|
|b 200702
|c NOV
|
| 996 |
7 |
|
|b 2610301041
|c 2-1180.759
|d Díl 1
|v 1
|l MZK
|r Sklad / do 1 hodiny
|n 3
|p p.v.
|w 000840132
|u 000010
|a 1
|e BOA001
|j MZK50
|s A
|
| 996 |
6 |
|
|b 2610343640
|c 2-1180.759
|d Díl 2
|v 2
|l MZK
|r Sklad / do 1 hodiny
|n 0
|p p.v.
|w 000840132
|u 000020
|a 1
|e BOA001
|j MZK50
|s P
|